000
00264nam a2200109Ia 4500
008
230320s9999||||xx |||||||||||||| ||spa||
082
_a
540.9/L42
100
_a
Leicester, Henry
245
0
_a
Panorama Historico De La Quimica
260
_b
ALHAMBRA
942
_8
0
_c
LIB
999
_c
29546
_d
29546